| 000 | 02019cam a2200493 4500 | ||
|---|---|---|---|
| 001 | 13998 | ||
| 003 | http://catalogue.bnf.fr/ark:/12148/cb47499922z | ||
| 005 | 20260113161435.0 | ||
| 010 |
_a9782958676445 _d6 EUR |
||
| 020 |
_aFR _b02437094 |
||
| 073 | 0 | _a9782958676445 | |
| 090 | _a13998 | ||
| 099 | _o0 | ||
| 100 | _a20240621d2024 a y0frey50 ba | ||
| 101 | 0 | _afre | |
| 102 | _aFR | ||
| 105 | _a||||z 00|a| | ||
| 181 | 0 |
_601 _ai _bxxxe |
|
| 181 |
_602 _ctxt _2rdacontent |
||
| 182 | 0 |
_601 _an |
|
| 182 |
_602 _cn _2rdamedia |
||
| 200 | 1 |
_aLe refuge _bLIVR |
|
| 214 | 0 |
_cla Maison théâtre _dDL 2024 |
|
| 214 | 3 | _cOtt impr. | |
| 214 | 0 | _aStrasbourg | |
| 214 | 3 | _a67-Wasselonne | |
| 215 | _a1 vol. (27 p.) | ||
| 215 | _d21 cm | ||
| 225 |
_aLes cahiers théâtre _vn° 13 |
||
| 225 | _e8-11 ans | ||
| 300 | _aCommande de la Maison théâtre dans le cadre du projet "Petite philo pour grands matins" | ||
| 321 |
_aLa Revue des livres pour enfants _x0398-8384 _c339 |
||
| 323 | _a10 personnages | ||
| 330 | _a« HABITER » : c'est la seule consigne laissée aux enfants de l'atelier théâtre pour préparer une improvisation. Mais où habite-t-on ? Sous un toit ou sur la canopée, au pied des vignes de son grand-père ou dans une ruche ? Et comment traiter ce vaste sujet en si peu temps ? En laissant libre cours à la parole de ses personnages, Sabine Tamisier embarque les enfants dans une réflexion ludique et poétique sur leur manière d'habiter le monde et d'y faire du théâtre. | ||
| 333 | _aÀ partir de 9 ans | ||
| 410 | 0 | _047252827 | |
| 410 | 0 |
_tLes Cahiers théâtre (Strasbourg) _x3039-5577 _v13 |
|
| 608 |
_aThéâtre _2CNLJ |
||
| 610 |
_ajeunesse _amaison _as'approprier |
||
| 686 |
_a802 _2Cadre de classement de la Bibliographie nationale française |
||
| 700 |
_aTamisier _bSabine _f1973-.... |
||
| 700 |
_316160179 _oISNI0000000072786592 _4070 |
||
| 801 | 0 |
_aFR _bFR-751131015 _c20240621 _gAFNOR _hFRBNF474999220000008 |
|
| 856 | 2 |
_u894136 _bPremière de couverture |
|